000 00652nam a22001817a 4500
005 20231121114631.0
010 _aENG-138282
020 _a9789356069138
_c485.00
035 _aEN-121814
037 _bDBAD/PUB
082 _a580
_b1
245 _aFoundation Biology 2023:
_cBy Satish Kumar Shrivastava
_bContent Based on Ncert Curriculum/
260 _aChennai
_bPearson India Education Services Pvt. Ltd,
_c2023
270 _a5th Floor, Survey No 203/10B, 200 Ft MMRD Road, Zamin Pallavaram,
_bChenni
_e600044
300 _a238p.
_c28cm(pbk)
700 _aShrivastava Satish Kumar
_eCompositor
_958891
942 _2ddc
_cEN
_h580
_mFOU
999 _c198817
_d198817